LEADER 00927nam a22002651i 4500 001 991001899209707536 005 20040105110934.0 008 040407s1983 it a||||||||||||||||ita 020 $a8843509861 035 $ab12840208-39ule_inst 035 $aARCHE-081982$9ExL 040 $aDip.to Scienze Storiche$bita$cA.t.i. Arché s.c.r.l. Pandora Sicilia s.r.l. 082 04$a824.5 100 1 $aDe Foe, Daniel$069634 245 10$aSul progetto /$cDaniel Defoe ; a cura di Tomas Maldonado 260 $aMilano :$bElecta,$cc1983 300 $a118 p. :$bill. ;$c24 cm 650 4$aProgettazione 700 1 $aMaldonado, Tomās 907 $a.b12840208$b02-04-14$c16-04-04 912 $a991001899209707536 945 $aLE009 CNR 53 ARTE$g1$iLE009CNR-31$lle009$o-$pE0.00$q-$rl$s- $t0$u0$v0$w0$x0$y.i13393595$z16-04-04 996 $aSul progetto$9297184 997 $aUNISALENTO 998 $ale009$b16-04-04$cm$da $e-$fita$git $h0$i1 LEADER 01472oam 2200421zu 450 001 9910376061403321 005 20240605162054.0 035 $a(CKB)3170000000004157 035 $a(SSID)ssj0000812408 035 $a(PQKBManifestationID)12338049 035 $a(PQKBTitleCode)TC0000812408 035 $a(PQKBWorkID)10860155 035 $a(PQKB)10941797 035 $a(Association for Computing Machinery)10.1145/1745438 035 $a(EXLCZ)993170000000004157 100 $a20160829d2009 uy 101 0 $aeng 135 $aurnn#008mam|a 181 $ctxt$2rdacontent 182 $cc$2rdamedia 183 $acr$2rdacarrier 200 00$aProceedings of the Fifth Workshop on Programming Languages and Operating Systems 210 31$a[Place of publication not identified] :$cAssociation for Computing Machinery,$d2009. 215 $a1 online resource (40 pages) 225 0 $aACM Conferences. 300 $aBibliographic Level Mode of Issuance: Monograph 311 $a1-60558-844-X 517 3 $aPLOS '09 606 $aInformation Technology$xComputer Science (Hardware & Networks) 615 4$aInformation Technology$xComputer Science (Hardware & Networks) 700 $aMuller$b Gilles$0922799 702 $aMuller$bGilles 712 02$aACM Digital Library. 801 0$bPQKB 906 $aBOOK 912 $a9910376061403321 996 $aProceedings of the Fifth Workshop on Programming Languages and Operating Systems$92070689 997 $aUNINA